Akta Levi Keuntungan Luar Biasa 1998 (Akta 592) (Record no. 4294)

000 -LEADER
fixed length control field nam a22 a 4500
005 - DATE AND TIME OF LATEST TRANSACTION
control field 20170526155244.0
008 - FIXED-LENGTH DATA ELEMENTS--GENERAL INFORMATION
fixed length control field 170526s1998 my ||||| |||| 00| 0 eng d
082 ## - DEWEY DECIMAL CLASSIFICATION NUMBER
Edition number 343.59505244 LEV
090 ## - LOCALLY ASSIGNED LC-TYPE CALL NUMBER (OCLC); LOCAL CALL NUMBER (RLIN)
Classification number (OCLC) (R) ; Classification number, CALL (RLIN) (NR) 343.59505244
Local cutter number (OCLC) ; Book number/undivided call number, CALL (RLIN) LEV
245 ## - TITLE STATEMENT
Title Akta Levi Keuntungan Luar Biasa 1998 (Akta 592)
Remainder of title Windfall Profit Levy Act 1998 (Akta 592)
260 ## - PUBLICATION, DISTRIBUTION, ETC.
Place of publication, distribution, etc. Kuala Lumpur
Name of publisher, distributor, etc. Percetakan Nasional Malaysia Berhad
Date of publication, distribution, etc. 1998
300 ## - PHYSICAL DESCRIPTION
Extent 31p
Dimensions 24cm
650 ## - SUBJECT ADDED ENTRY--TOPICAL TERM
Topical term or geographic name entry element Akta
9 (RLIN) 8368
942 ## - ADDED ENTRY ELEMENTS (KOHA)
Source of classification or shelving scheme
Koha item type Book
Holdings
Withdrawn status Lost status Source of classification or shelving scheme Damaged status Not for loan Collection code Home library Current library Shelving location Date acquired Inventory number Total Checkouts Full call number Barcode Date last seen Date last checked out Price effective from Koha item type
          NON-FICTION AKMAL Melaka AKMAL Melaka PINJAMAN 26.05.2017 000878 3 343595052444 LEV 201706149 07.03.2019 28.02.2019 26.05.2017 Book
Pusat Sumber Maklumat Dato' Haji Sarmin Md Hussin, Akademi Kastam Diraja Malaysia, Melaka
Tel: 06-2331106 | Faks: 06-2313787